| 000 | 01054nam a2200289 a 4500 | ||
|---|---|---|---|
| 001 | 1221446 | ||
| 003 | CO-ViMGA | ||
| 005 | 20230915233612.0 | ||
| 008 | 090608s2009 ck a jr 00010 spa d | ||
| 020 | _a9789583032417 | ||
| 040 |
_aCO-ViMGA _bspa _cCO-ViMGA |
||
| 041 | 1 | _heng | |
| 082 | 0 | 4 |
_aI629.13324 _bG71n1 _221 |
| 100 | 1 |
_aGraham, Ian. _9683 |
|
| 245 | 1 | 0 |
_aNo te gustaria ser tripulante del Hindenburg! / _cIan Graham ; traducción Maria Patricia Esguerra ; ilustrado por David Antram ; creado y diseñado por David Salariya. |
| 260 | 3 |
_aBogot :̀ _bPanamericana Editorial, _c2009. |
|
| 300 |
_a32 p. : _bil. ; _c25 cm. |
||
| 490 | _ano te gustaria ser | ||
| 500 | _aGlosario : p. 30-31. | ||
| 534 | _tAvoid flying on the Hindenburg!. | ||
| 650 | 1 | 4 |
_aViajes _x Literatura infantil. _9686 |
| 650 | 6 |
_aAeronaves _x Literatura infantil. _9684 |
|
| 650 | 6 |
_aDirigible _x Literatura infantil. _9685 |
|
| 700 | 1 |
_aAntram, David, _d1958-, _eil. _9629 |
|
| 700 | 1 |
_aEsguerra, Maria Patricia, _etr. _940 |
|
| 942 |
_2ddc _cBK |
||
| 999 |
_c3574 _d3574 |
||